| 000 | 01419nac a22003131i 4500 | ||
|---|---|---|---|
| 003 | EG-ScBUE | ||
| 005 | 20230413095100.0 | ||
| 008 | 230413t1954 nyua f b 000 0 eng d | ||
| 020 | _a0486607534 | ||
| 040 |
_aEG-ScBUE _beng _erda _cEG-ScBUE _dEG-ScBUE |
||
| 082 | 0 | 4 |
_a781.1 _bHEL _222 |
| 100 | 1 |
_aHelmholtz, Hermann von, _d1821-1894, _eauthor. |
|
| 245 | 1 | 0 |
_aOn the sensations of tone : _bas a physiological basis for the theory of music / _cHermann L. F. Helmholtz ; translated, thoroughly rev. and corrected, rendered conformal to the 4th (and last) German ed. of 1877, with numerous additional notes and a new additional appendix bringing down information to 1885, and especially adapted to the use of music students, by Alexander J. Ellis. With a new introd. (1954) by Henry Margenau. |
| 250 | _aSecond English edition. | ||
| 264 | 1 |
_aNew York : _bDover Publications, _c[1954] |
|
| 264 | 4 | _cc1954 | |
| 300 |
_axix, 576 pages : _billustrations ; _c25 cm |
||
| 336 |
_2rdacontent _atext _btxt |
||
| 337 |
_2rdamedia _aunmediated _bn |
||
| 338 |
_2rdacarrier _avolume _bnc |
||
| 504 | _aIncludes bibliographical references. | ||
| 650 | 7 |
_aMusic _xPhysiological aspects. _2BUEsh |
|
| 650 | 7 |
_aMusic _xAcoustics and physics. _2BUEsh |
|
| 650 | 7 |
_aSound _xPhysiological effect. _2BUEsh |
|
| 653 | _bART | ||
| 655 | _vReading book | ||
| 700 | 1 |
_aEllis, Alexander John, _d1814-1890, _etranslator. |
|
| 942 |
_cBB _2ddc |
||
| 999 |
_c3921 _d3921 |
||